Vector and tensor analysis /

Guardado en:
Autor Principal: Brand, Louis, 1895-1971.
Formato: Libro
Idioma:English
Publicado: New York : Wiley, c1947.
Etiquetas: Agregar Etiqueta
Sin Etiquetas, Sea el primero en etiquetar este registro!
LEADER 00452nam a22001575a 4500
001 MAT.inmabb000708
008 031118s1947####nyu###########001#0#eng#d
005 20170803121314.0
245 1 0 |a Vector and tensor analysis /  |c by Louis Brand. 
260 |a New York :  |b Wiley,  |c c1947. 
300 |a xvi, 439 p. 
510 4 |a MR,  |c MR0021449 
100 1 |a Brand, Louis,  |d 1895-1971. 
084 |a 53-XX  |2 msc2000 
010 |a  47004684  
859 |h 53  |i B817  |p A-521  |b BIB. MATEMATICA